Southville International School and Colleges
Your cart is empty.
  • Cart
  • Lists
    Public lists Eva Luna New books Lux_list list_1
    Your lists Log in to create your own lists
  • Log in to your account
  • Your cookies
  • Search history
Southville International School and Colleges
  • Advanced search
  • Recent comments
  • Most popular
  • Libraries

Log in to your account

Log in with GOOGLE


If you do not have an external account, but do have a local account, you can still log in:

  1. Home
  2. MARC view: Agents, editors, and you :
Normal view MARC view ISBD view

Agents, editors, and you : (Record no. 283277)

[ view plain ]
MARC details
000 -LEADER
fixed length control field 00576nam a2200181Ia 4500
008 - FIXED-LENGTH DATA ELEMENTS--GENERAL INFORMATION
fixed length control field 150223s9999 xx 000 0 und d
020 ## - INTERNATIONAL STANDARD BOOK NUMBER
International Standard Book Number 1582971528
050 ## - LIBRARY OF CONGRESS CALL NUMBER
Classification number PN 161
Item number .A34 2002
100 ## - MAIN ENTRY--PERSONAL NAME
Personal name Howry, Michelle.
245 ## - TITLE STATEMENT
Title Agents, editors, and you :
Remainder of title the insider's guide to getting your book published :
Statement of responsibility, etc Michelle Howry.
260 ## - PUBLICATION, DISTRIBUTION, ETC. (IMPRINT)
Place of publication, distribution, etc Ohio :
Name of publisher, distributor, etc Writer's Digest Books,
Date of publication, distribution, etc 2002
300 ## - PHYSICAL DESCRIPTION
Extent 260 pages :
Dimensions 23 cm.
504 ## - BIBLIOGRAPHY, ETC. NOTE
Bibliography, etc Includes Index.
650 ## - SUBJECT ADDED ENTRY--TOPICAL TERM
Topical term or geographic name as entry element Authors and publishers.
650 ## - SUBJECT ADDED ENTRY--TOPICAL TERM
Topical term or geographic name as entry element Authorship
General subdivision Marketing.
650 ## - SUBJECT ADDED ENTRY--TOPICAL TERM
Topical term or geographic name as entry element Editing.
650 ## - SUBJECT ADDED ENTRY--TOPICAL TERM
Topical term or geographic name as entry element Literary agents.

No items available.

Agents, editors, and you :

APA

Howry M., . (2002). Agents, editors, and you. Ohio: Writer's Digest Books.

Chicago

Howry Michelle, . 2002. Agents, editors, and you. Ohio: Writer's Digest Books.

Harvard

Howry M., . (2002). Agents, editors, and you. Ohio: Writer's Digest Books.

MLA

Howry Michelle, . Agents, editors, and you. Ohio: Writer's Digest Books. 2002.

  • Print
  • Cite
  • Add to your cart (remove)
  • Save record
    BIBTEX Dublin Core MARCXML MARC (non-Unicode/MARC-8) MARC (Unicode/UTF-8) MARC (Unicode/UTF-8, Standard) MODS (XML) RIS
  • More searches
    Search for this title in:
    Other Libraries (WorldCat) Other Databases (Google Scholar) Online Stores (Bookfinder.com) Open Library (openlibrary.org)

Exporting to Dublin Core...

SOUTHVILLE LIBRARY

Southville International School and Colleges Library

1281 Tropical Ave. Cor. Luxembourg St., BF Homes International, Las Pinas City

Tel. No. 8256374 / 252358 Loc. 117/146

Powered by Koha